000 nam a22 7a 4500
999 _c328816
_d328816
003 Nust
005 20170417141100.0
008 170417b xxu||||| |||| 00| 0 eng d
040 _cDLC
082 _a307.760954 IND
245 _aIndia : Rajasthan Urban Sector Development Investment Program-Sawai Madhopur Drainage Subproject
942 _2ddc
_cBK